Los problemas del trabajo scientology aplicada al mundo del trabajo cotidiano (Registro nro. 6758)

Detalles MARC
000 -LEADER
fixed length control field 01207nam a2200265Ia 4500
003 - CONTROL NUMBER IDENTIFIER
control field OSt
005 - DATE AND TIME OF LATEST TRANSACTION
control field 20200710125847.0
008 - FIXED-LENGTH DATA ELEMENTS--GENERAL INFORMATION
fixed length control field 130821s2007 xxua gr spa
020 ## - INTERNATIONAL STANDARD BOOK NUMBER
International Standard Book Number 9781403144775
040 ## - CATALOGING SOURCE
Original cataloging agency Co-BoUCM
Language of cataloging spa
Transcribing agency CO-JMCR
041 0# - LANGUAGE CODE
Language code of text/sound track or separate title spa
082 04 - DEWEY DECIMAL CLASSIFICATION NUMBER
Classification number 299.936 /
Item number H875p
Edition number 21
100 1# - MAIN ENTRY--PERSONAL NAME
Personal name Hubbard, Lafayette Ronald
Dates associated with a name 1911-1986
Relator term autor
9 (RLIN) 7017
245 14 - TITLE STATEMENT
Title Los problemas del trabajo scientology aplicada al mundo del trabajo cotidiano
Statement of responsibility, etc. Lafayette Ronald Hubbard
250 ## - EDITION STATEMENT
Edition statement Primera edición
260 ## - PUBLICATION, DISTRIBUTION, ETC.
Place of publication, distribution, etc. Los Angeles (California, Estados Unidos) :
Name of publisher, distributor, etc. Bridge publications,
Date of publication, distribution, etc. 2007.
300 ## - PHYSICAL DESCRIPTION
Extent 197 páginas :
Other physical details ilustraciones ;
Dimensions 24 cm.
504 ## - BIBLIOGRAPHY, ETC. NOTE
Bibliography, etc. note Incluye glosario e índice.
505 0# - FORMATTED CONTENTS NOTE
Formatted contents note ¿De qué depende conservar un empleo? -- Cómo manejar las confusiones del mundo del trabajo cotidiano? -- ¿Es necesario el trabajo? -- El secreto de la eficiencia -- La vida como un juego -- Afinidad, Realidad y comunicación -- El agotamiento -- El hombre que triunfa
534 ## - ORIGINAL VERSION NOTE
Title statement of original Dianetics the modern sciencie of mental health.
650 14 - SUBJECT ADDED ENTRY--TOPICAL TERM
Topical term or geographic name entry element Cienciología
9 (RLIN) 7018
650 24 - SUBJECT ADDED ENTRY--TOPICAL TERM
Topical term or geographic name entry element Satisfacción en el trabajo
9 (RLIN) 7019
650 24 - SUBJECT ADDED ENTRY--TOPICAL TERM
Topical term or geographic name entry element Trabajo
General subdivision Aspectos psicolg̤icos
9 (RLIN) 7020
942 ## - ADDED ENTRY ELEMENTS (KOHA)
Koha item type Books
Source of classification or shelving scheme Dewey Decimal Classification
Existencias
Withdrawn status Lost status Source of classification or shelving scheme Damaged status Not for loan Home library Current library Shelving location Date acquired Coded location qualifier Total Checkouts Full call number Barcode Date last seen Date last checked out Copy number Price effective from Koha item type
    Dewey Decimal Classification     Biblioteca Pública José María del Castillo y Rada Biblioteca Pública José María del Castillo y Rada General Stacks 04/15/2018 $0. 6 299.936 / H875p 201809959 06/04/2024 05/21/2024 Ej.1 07/10/2020 Books